00783nam a22002057a 4500003001100000005001700011008004100028020001500069040003900084041000800123082001500131100001600146130009500162245007600257260003900333300004200372490006000414650004200474650006100516LK-CoMWRAF20231211163658.0231211b2001 |||||||| |||| 00| 0 eng d a9555820104 aLK-CoMWRAFdLK-CoMWRAFeLK-CoMWRAF aeng a305.8bCHE a Cheran, R. aA history of ethnic conflict in Sri Lanka: recollection, reinterpretation & reconciliation aThe sixth genre : bmemory, history, and the Tamil diaspora imagination aColombo: bMarga Institute, c2001 a30 p. ; 23 cm bBibliography included aMarga monograph series on ethnic reconciliation vno. 7 aTamil (Indic people)- Ethnic identity aTamil (Indic people)- Sri Lanka- Politics and government